00869cam a2200217 a 450000100100000000500170001000800410002702000150006804000290008308200230011210000580013524501070019326000590030030000340035965000310039365000460042491000280047004900090049895201270050799900170063400001766720200929165204.0860528s1984 cau b 000 f eng d a0884041085 aDO-SdBNPbengcLCdBNPHU a813.5bH875d, 19841 aHubbard, L. Ronq(La Fayette Ron),d1911-1986.93492910aDianetics :bthe modern science of mental health: a handbook of dianetics procedure /cL. Ron Hubbard. aLos Angeles, California :bBridge Publications,c1984. axviii, 550, [21] p. ;c18 cm. 4aNovela estadounidense9262 4aLiteratura estadounidenseySIGLO XX96874 aCatalogación derivada aBNGR 001054708MOaGRbGRcCTd2010-03-29iLF1l0o813.5 H875d, 1984p17667-10r2020-06-25w2020-06-25y4ZPréstamo en sala c17192d17192